000
00315nam a22001337a 4500
008
131217t xxu||||| |||| 00| 0 eng d
020
_a
0091876923
100
_a
John Grisham
_9
471
240
_a
the partner
245
_a
The Partner The Runaway Jury
246
_a
the runaway jury
300
_a
340
942
_2
ddc
_c
BK
999
_c
16743
_d
16743